000 00333 a2200157 4500
001 74342
020 _a853570544-9
040 _cAnchieta - Colégio São Paulo
100 _aBoligian, Levon
240 1 0 _aGeografia
_lpor
245 1 0 _aGeografia
300 _a448
362 0 _a2004
650 4 _aGeografia e viagens
942 _cBK
999 _c74342
_d74342